Η Παναγία των Παρισίων

Αποθηκεύτηκε σε:
Λεπτομέρειες βιβλιογραφικής εγγραφής
Κύριοι συγγραφείς: Hugo, Victor, 1802-1885, Σκουλούδης, Μανώλης, 1901-1989 (Διασκευαστής)
Μορφή: Βιβλίο
Γλώσσα:Greek
French
Δημοσίευση: Αθήνα : Καθημερινές Εκδόσεις Α.Ε., 2016.
Σειρά:Τα βιβλία που αγαπήσαμε (Καθημερινή)
Θέματα:
Ετικέτες: Προσθήκη ετικέτας
Δεν υπάρχουν, Καταχωρήστε ετικέτα πρώτοι!

MARC

LEADER 00000nam a2200000 a 4500
001 1/126496
008 230502t2016####gr | ||| |||| ||gre||
020 |a 9789605851064 
040 |a GR-MyUa  |b gre  |c GR-MyUa  |e AACR2 
041 1 |a gre  |h fre 
082 7 |a 843   |2 (23) 
100 1 |a Hugo, Victor,   |d 1802-1885. 
245 1 2 |a Η Παναγία των Παρισίων /   |c Βίκτωρ Ουγκώ ; διασκευή Μαν. Σκουλούδης.  
260 |a Αθήνα :   |b Καθημερινές Εκδόσεις Α.Ε.,   |c 2016.  
300 |a 191 σ. :   |b εικ. ;   |c 24 εκ.  
490 1 |a (Τα βιβλία που αγαπήσαμε / Καθημερινή)  
650 0 |a French fiction. 
700 1 |a Σκουλούδης, Μανώλης,   |d 1901-1989,  |e adp 
830 0 |a Τα βιβλία που αγαπήσαμε (Καθημερινή) 
852 |a INST  |b SAMOS  |e 20230502  |h 843 HUG  |p 005300048003  |q 005300048003  |t BK  |y 0 
970 |a Γουβάλα  |b Βάσω  |z 2-5-2023